000 00490nam a2200181Ia 4500
005 20250326124659.0
008 250326s9999 xx 000 0 und d
037 _aTextbook
040 _aFMSL
_beng
_cFMSL
041 _aeng
_2eng
084 _aX:87 L1
_qFMSL
100 _aChalmers E
_9736903
245 0 _aEconomics for executives
_cChalmers E
260 _aGreat
_bGreat, Britain John Murray
_c1971
300 _a273p
942 _cTB
_hX:87 L1
999 _c1274726
_d1274726